5HLuxD.jpg

KING HENRY VIII SENIOR AND PRIMARY SCHOOL LIBRARY OPAC

The BBC national short story award 2017. (Record no. 97)

000 -LEADER
fixed length control field 01241nam a22003618i 4500
001 - CONTROL NUMBER
control field 021124882
003 - CONTROL NUMBER IDENTIFIER
control field UkOxU
005 - DATE AND TIME OF LATEST TRANSACTION
control field 20190725153052.0
008 - FIXED-LENGTH DATA ELEMENTS--GENERAL INFORMATION
fixed length control field 170323s2017 enk 000|j|eng|d
015 ## - NATIONAL BIBLIOGRAPHY NUMBER
National bibliography number GBB7E5385
Source bnb
016 7# - NATIONAL BIBLIOGRAPHIC AGENCY CONTROL NUMBER
Record control number 018469216
Source Uk
020 ## - INTERNATIONAL STANDARD BOOK NUMBER
International Standard Book Number 9781910974353 (pbk.) :
035 ## - SYSTEM CONTROL NUMBER
System control number (Uk)018469216
035 ## - SYSTEM CONTROL NUMBER
System control number (StEdALDL)1/3597929
040 ## - CATALOGING SOURCE
Original cataloging agency StDuBDS
Language of cataloging eng
Description conventions rda
Transcribing agency StDuBDS
049 ## - LOCAL HOLDINGS (OCLC)
Holding library CROBAR
082 04 - DEWEY DECIMAL CLASSIFICATION NUMBER
Classification number FIC EAV
Edition number 23
245 04 - TITLE STATEMENT
Title The BBC national short story award 2017.
263 ## - PROJECTED PUBLICATION DATE
Projected publication date 201710
264 #1 - PRODUCTION, PUBLICATION, DISTRIBUTION, MANUFACTURE, AND COPYRIGHT NOTICE
Place of production, publication, distribution, manufacture Manchester :
Name of producer, publisher, distributor, manufacturer Comma Press,
Date of production, publication, distribution, manufacture, or copyright notice 2017.
300 ## - PHYSICAL DESCRIPTION
Extent 1 volume ; 132p.
Dimensions 17 cm
336 ## - CONTENT TYPE
Content type term text
Source rdacontent
337 ## - MEDIA TYPE
Media type term unmediated
Source rdamedia
338 ## - CARRIER TYPE
Carrier type term volume
Source rdacarrier
500 ## - GENERAL NOTE
General note Radio tie-in.
505 ## - FORMATTED CONTENTS NOTE
Title Introduction by Joanna Trollope -- Murmur by Will Eaves -- Waken by Jenni Fagan -- The edge of the shoal by Cynan Jones --The collector by Benjamin Markovits -- if a book is locked there's probably a good reason for that, don't you think by Helen Oyeyemi.
650 #0 - SUBJECT ADDED ENTRY--TOPICAL TERM
Topical term or geographic name entry element Short stories, English.
902 ## - LOCAL DATA ELEMENT B, LDB (RLIN)
a Date before which claim should not be made: 20171113
942 ## - ADDED ENTRY ELEMENTS (KOHA)
Source of classification or shelving scheme
Koha item type Books - Fiction
980 ## - EQUIVALENCE OR CROSS-REFERENCE-SERIES STATEMENT--PERSONAL NAME/TITLE [LOCAL, CANADA]
Miscellaneous information 1
Date of a work 1/3597929
981 ## - EQUIVALENCE OR CROSS-REFERENCE-SERIES STATEMENT--CORPORATE NAME/TITLE [LOCAL, CANADA]
Date of meeting or treaty signing Agency file oxf2018-07.1
Holdings
Withdrawn status Lost status Source of classification or shelving scheme Damaged status Not for loan Collection code Permanent Location Current Location Shelving location Date acquired Total Checkouts Full call number Barcode Date last seen Date last checked out Price effective from Koha item type
          Fiction KH8 Senior School Library KH8 Senior School Library Fiction 2019-07-25 1 FIC EAV 3KHSL000100030 2025-10-13 2024-08-27 2019-07-25 Books - Fiction

Powered By KH8 IT Dept